The Anthropology of Learning in Childhood : (Record no. 611224)

MARC details
000 -LEADER
fixed length control field 00522nam a2200193 a 4500
008 - FIXED-LENGTH DATA ELEMENTS--GENERAL INFORMATION
fixed length control field 260207s2010##################000#0#eng##
020 ## - INTERNATIONAL STANDARD BOOK NUMBER
ISBN 9780759113220
082 04 - DEWEY DECIMAL CLASSIFICATION NUMBER
Classification number 306.43
Item number LAN
100 1# - MAIN ENTRY--AUTHOR NAME
Personal name Lancy, David F.,
245 10 - TITLE STATEMENT
Title The Anthropology of Learning in Childhood :
260 ## - PUBLICATION, DISTRIBUTION, ETC. (IMPRINT)
Name of publisher Bloomsbury Publishing PLC,
Year of publication 2010.
300 ## - PHYSICAL DESCRIPTION
Number of Pages 497 pages
650 #0 - SUBJECT ADDED ENTRY--TOPICAL TERM
Topical Term Education.
942 ## - ADDED ENTRY ELEMENTS (KOHA)
Koha item type English Books
Holdings
Withdrawn status Lost status Damaged status Not for loan Home library Current library Shelving location Date acquired Full call number Accession Number Price effective from Koha item type
        Anna Centenary Library Anna Centenary Library 3RD FLOOR, B WING 07.02.2026 306.43 LAN 480602 07.02.2026 English Books

Find us on the map